00622naa a2200169 a 450000100080000000500110000800800410001910000180006024501100007826000090018852001380019765300130033565300130034865300120036165300110037377300680038411237102015-04-22 2003 bl uuuu u00u1 u #d1 aVIEIRA, L. M. aMandioca - Subprodutos do polvilho azedo so alternativas de renda para o produtor.h[electronic resource] c2003 aAn??lise do comportamento da safra de mandioca, considerando os aspectos de produ????o e de mercado nos ??mbitos estadual e nacional. amandioca amercados apre??os asafras tInforme Conjuntural, Florian??polisgv. 21, n. 933, p. 7, 2003.